=LDR 00000nam 2200000 4500 =001 INLIS000000000048670 =005 20250415080550 =035 ##$$a 0010-121600000000056 =008 250415################d##########0#ind## =040 ##$$a NBPDMAT =082 ##$$a 028.5 =090 ##$$a 028.5$bSuy b =100 ##$$a M. Suyanto =245 1#$$a Battle of Surabaya : $b : The adventure of Musa /$c / M. Suyanto, Aryanto Yuniawan =250 ##$$a Ed. 1 =260 ##$$a Yogyakarta :$b Reinbow,$c 2014 =300 ##$$a 36 hlm. : $b ilus. ; $c 20 cm =650 #4$$a Bacaan Kanak-kanak =700 #$$a Aryawan Yuniawan =850 ##$$a NBPDMAT =020 ##$$a 978-979-29-4243-6 =084 ##$$a 028.5 SUY s =990 ##$$a 21600585 =990 ##$$a 21600586 =990 ##$$a 21600587 =990 ##$$a 21600588 =990 ##$$a 21600589